00619nam a2200157Ia 4500008004100000020001800041050001700059240003400076245006300110260002100173300001100194600006100205650007200266952010600338999001700444120626s9999 xx 000 0 und d a968-18-3665-0 aLC3981 C3618 aCasos de educación especial aCasos de educación especial / James R. Patton... [et.al] aMéxico: Limusa a308 p. a1.- PATTON, JAMES R. coaut. AROLISSON PEREZ, CLAUDIO TR. a1.- EDUCACION ESPECIAL 2.- NIÑOS CON DISCAPACIDAD -- EDUCACIONÌ 00104070a09b09d2011-02-28l4oLC3981 C3618p09 003974r2024-06-12s2015-11-04t1w2012-06-26yLB c64767d64767